[Event "Championnat de la Loire Open"]
[Site "?"]
[Date "2002.04.27"]
[Round "5"]
[White "Vinot, Raoul"]
[Black "Barthelemy, Jerome"]
[Result "0-1"]
[WhiteElo "1390"]
[BlackElo "1400"]
[PlyCount "89"]

1. d4 d5 2. c4 dxc4 3. e4 e5 4. Nf3 exd4 5. Nxd4 Bc5 6. Be3 Nf6 7. Nc3 O-O 8.
Bxc4 Bb4 9. Nde2 Nxe4 10. O-O Nxc3 11. Nxc3 Bf5 12. Qf3 Bc8 13. Rad1 Qf6 14.
Qxf6 gxf6 15. Nd5 Bd6 16. Nxf6+ Kg7 17. Bd4 Kh6 18. Bd3 Nc6 19. Be3+ Kg7 20.
Nh5+ Kg8 21. Bh6 Rd8 22. Rfe1 Ne5 23. Nf6+ Kh8 24. Bxh7 Ng4 25. Bg5 Nxf6 26.
Bxf6+ Kxh7 27. Bxd8 Bg4 28. Rd4 Be6 29. g3 Rxd8 30. Rh4+ Kg7 31. f4 Kg6 32. Rd1
Be7 33. Rxd8 Bxd8 34. Rh8 Bf6 35. Rb8 Bxb2 36. Rxb7 Bf6 37. Rxc7 Bxa2 38. Kf1
a5 39. Ke2 Bb2 40. h4 a4 41. Rb7 Kf5 42. Ke3 Kg4 43. Rb6 Bg7 44. Rb8 Bf6 45.
Rb6 0-1

[Event "Championnat de la Loire Open"]
[Site "?"]
[Date "2002.04.27"]
[Round "5"]
[White "Valet, Godeffroy"]
[Black "Doran, Niall"]
[Result "0-1"]
[WhiteElo "1500"]
[BlackElo "1499"]
[PlyCount "78"]

1. e4 e6 2. d4 d5 3. Nc3 Bb4 4. e5 Ne7 5. Nf3 b6 6. Bd2 Bxc3 7. Bxc3 c5 8. Bb5+
Bd7 9. Bxd7+ Nxd7 10. O-O O-O 11. b4 cxd4 12. Bxd4 Rc8 13. b5 Nf5 14. Bb2 Rc7
15. Nd4 Nxd4 16. Bxd4 Rc4 17. c3 Nc5 18. a4 Ne4 19. Qc2 Qc7 20. Ra3 Rxd4 21. f3
Qc5 22. Kh1 Rd2 23. Qc1 Nf2+ 24. Rxf2 Rxf2 25. h3 Rc8 26. Kh2 d4 27. c4 Qxc4
28. Qg5 Qc1 29. Qh4 Qxa3 30. Qxf2 d3 31. Qe3 Qc3 32. a5 d2 33. axb6 Qxe3 34. b7
Rb8 35. b6 axb6 36. h4 d1=Q 37. h5 Qf4+ 38. g3 Qfxf3 39. h6 Qdh1# 0-1

[Event "Championnat de la Loire Open"]
[Site "?"]
[Date "2002.04.27"]
[Round "5"]
[White "Soler, Gerald"]
[Black "Brachet, Gerard"]
[Result "0-1"]
[WhiteElo "1130"]
[BlackElo "1420"]
[PlyCount "42"]

1. e4 e5 2. Nf3 Nc6 3. Bc4 h6 4. c3 Nf6 5. d3 d5 6. exd5 Nxd5 7. O-O Be6 8.
Nbd2 Nf4 9. Bxe6 Nxe6 10. Re1 Bd6 11. Nc4 Qf6 12. d4 exd4 13. cxd4 O-O-O 14. d5
Bf4 15. a3 Ng5 16. Ncd2 Ne5 17. g3 Bxd2 18. Nxd2 Rxd5 19. Kg2 h5 20. Qb3 Qc6
21. Rxe5 Rd3+ 0-1

[Event "Championnat de la Loire Open"]
[Site "?"]
[Date "2002.04.27"]
[Round "5"]
[White "Bruyas, Benjamin"]
[Black "Conesa, Antoine"]
[Result "0-1"]
[WhiteElo "1210"]
[BlackElo "1410"]
[PlyCount "46"]

1. Nf3 e6 2. c4 c5 3. b3 Qf6 4. Nc3 b6 5. g3 Bb7 6. Bg2 Nc6 7. O-O Rb8 8. e3
Bd6 9. Bb2 Nb4 10. Rb1 e5 11. Nb5 a6 12. Nxd6+ Qxd6 13. a3 Nd3 14. Bc3 a5 15.
Qc2 e4 16. Bxg7 exf3 17. Bh1 Nf6 18. Bxh8 Ke7 19. Bg7 Ng4 20. Qc3 Rg8 21. Bd4
Be4 22. Bxf3 cxd4 23. Bxe4 dxc3 0-1

[Event "Championnat de la Loire Open"]
[Site "?"]
[Date "2002.04.27"]
[Round "5"]
[White "Campoy, Jean"]
[Black "Gerey, Bernard"]
[Result "1/2-1/2"]
[WhiteElo "1510"]
[BlackElo "1230"]
[PlyCount "90"]

1. e4 e6 2. Nc3 d5 3. exd5 exd5 4. d4 Nf6 5. Nf3 c6 6. Bg5 Be7 7. Be2 Ne4 8.
Nxe4 dxe4 9. Bxe7 Qxe7 10. Ne5 O-O 11. O-O c5 12. Re1 Nc6 13. Nxc6 bxc6 14.
dxc5 Qxc5 15. b3 e3 16. fxe3 Qxe3+ 17. Kh1 Qc5 18. c4 Be6 19. Bf3 Rad8 20. Qe2
a5 21. Qe5 Qb6 22. h4 c5 23. h5 h6 24. Rad1 Rde8 25. Qd6 Qb4 26. Qd2 Qa3 27.
Bd5 Rd8 28. Qc2 Bg4 29. Bf3 Bxf3 30. gxf3 Qb4 31. Qe4 Rxd1 32. Rxd1 a4 33. bxa4
Qxa4 34. Qd5 Re8 35. Qd7 Qa8 36. Kg2 Qxa2+ 37. Kg3 Qe2 38. Qd3 Qe5+ 39. Kh4
Qf4+ 40. Kh3 Re3 41. Qd8+ Kh7 42. Rf1 Rxf3+ 43. Rxf3 Qxf3+ 44. Kh4 f5 45. Qh8+
Kxh8 1/2-1/2

[Event "Championnat de la Loire Open"]
[Site "?"]
[Date "2002.04.27"]
[Round "6"]
[White "Chabas, Jean-Luc"]
[Black "Fuster, Pierre"]
[Result "0-1"]
[WhiteElo "1580"]
[BlackElo "1699"]
[PlyCount "54"]

1. e4 e6 2. d4 d5 3. e5 c5 4. c3 Nc6 5. Nf3 Qb6 6. Bd3 Bd7 7. Bc2 cxd4 8. cxd4
Nb4 9. O-O Nxc2 10. Qxc2 Ne7 11. b3 Nc6 12. Bb2 Rc8 13. Qd2 Be7 14. Nc3 O-O 15.
Rac1 Qa6 16. Ra1 Nb4 17. Rfd1 Nc6 18. Qd3 Qxd3 19. Rxd3 a6 20. Rd2 b5 21. a3
Na5 22. Rd3 f6 23. b4 Nc4 24. Rb1 Be8 25. Rdd1 Bg6 26. h3 Bxb1 27. Rxb1 Nxb2
0-1

[Event "Championnat de la Loire Open"]
[Site "?"]
[Date "2002.04.27"]
[Round "6"]
[White "Valentin, Alain"]
[Black "Carrot, Patrick"]
[Result "1/2-1/2"]
[WhiteElo "1700"]
[BlackElo "1780"]
[PlyCount "63"]

1. d4 d5 2. c4 c6 3. Nf3 Bg4 4. Nc3 e6 5. Ne5 Bh5 6. cxd5 exd5 7. g4 Bg6 8. Bf4
Ne7 9. e3 Nd7 10. Nxg6 Nxg6 11. Bg3 Bb4 12. Bd3 Nh4 13. O-O O-O 14. f4 f5 15.
Qe1 Ng6 16. Bxf5 Rxf5 17. gxf5 Ne7 18. Bh4 Qf8 19. Bxe7 Bxe7 20. e4 dxe4 21.
Qxe4 Nf6 22. Qe6+ Kh8 23. Rae1 Bd6 24. Ne4 Bb4 25. Nc3 Rd8 26. a3 Ba5 27. Qe7
Qg8 28. Qxb7 Bb6 29. Kh1 Bxd4 30. Qxc6 Rb8 31. Re2 Rc8 32. Qe6 1/2-1/2

[Event "Championnat de la Loire Open"]
[Site "?"]
[Date "2002.05.27"]
[Round "6"]
[White "Walter, Alain"]
[Black "Pareux, Marc"]
[Result "1/2-1/2"]
[WhiteElo "1730"]
[BlackElo "1580"]
[PlyCount "57"]

1. e4 g6 2. d4 Bg7 3. Nf3 c6 4. Nc3 d5 5. e5 Nh6 6. Bd3 Nf5 7. O-O Qb6 8. Ne2
Na6 9. c3 c5 10. Ng3 Nxg3 11. fxg3 cxd4 12. cxd4 Nb4 13. Bb1 Nc6 14. Kh1 Bg4
15. h3 Bxf3 16. Qxf3 O-O-O 17. Qg4+ e6 18. Rxf7 Nxd4 19. Rxg7 Rdf8 20. Be3 Rf1+
21. Kh2 Qxb2 22. Bxd4 Qc1 23. Qxe6+ Kb8 24. Rg8+ Rxg8 25. Qxg8+ Kc7 26. Qxh7+
Kb8 27. Qg8+ Kc7 28. Bg1 Rxg1 29. Qf7+ 1/2-1/2

[Event "Championnat de la Loire Open"]
[Site "?"]
[Date "2002.04.27"]
[Round "6"]
[White "Rengame, Mohane"]
[Black "Trenteseaux, Alain"]
[Result "1/2-1/2"]
[WhiteElo "1540"]
[BlackElo "1699"]
[PlyCount "59"]

1. c4 Nf6 2. d4 g6 3. Nc3 Bg7 4. e4 d6 5. Be2 O-O 6. Nf3 Nbd7 7. b4 a6 8. O-O
e5 9. d5 c6 10. a4 cxd5 11. cxd5 Qc7 12. Qd3 Nh5 13. g3 f5 14. Ng5 fxe4 15.
Ncxe4 Ndf6 16. Ne6 Bxe6 17. dxe6 Nxe4 18. Qxe4 Nf6 19. Qh4 Qc2 20. Qc4 Rac8 21.
Qxc2 Rxc2 22. Bd3 Rc3 23. Ra3 Rfc8 24. Bb2 Rxa3 25. Bxa3 Rc3 26. Rc1 Rxc1+ 27.
Bxc1 Kf8 28. Ba3 Ke7 29. b5 axb5 30. Bxb5 1/2-1/2

[Event "Championnat de la Loire Open"]
[Site "?"]
[Date "2002.04.27"]
[Round "6"]
[White "Treveys, Maxime"]
[Black "Langlade, Remy"]
[Result "1-0"]
[WhiteElo "1630"]
[BlackElo "1499"]
[PlyCount "105"]

1. d4 d5 2. c4 e6 3. cxd5 Qxd5 4. e3 Nf6 5. Nc3 Qa5 6. Bd2 Nd5 7. a3 Qb6 8. Na4
Qd6 9. Nf3 a6 10. Bd3 b5 11. Nc5 f5 12. Ne5 Qb6 13. Qh5+ g6 14. Nxg6 hxg6 15.
Qxh8 Nc6 16. b4 Nce7 17. Qh4 Bd7 18. O-O O-O-O 19. f3 Bg7 20. Rac1 Qd6 21. Qf2
Rh8 22. h3 e5 23. dxe5 Qxe5 24. e4 fxe4 25. fxe4 Nf6 26. Nxa6 Nc6 27. Bf4 Qe6
28. Nxc7 Qb3 29. Bxb5 Ng4 30. Qf3 Bd4+ 31. Kh1 Qxf3 32. Rxf3 Nf2+ 33. Rxf2 Bxf2
34. Bxc6 Bb6 35. Nd5 Bd8 36. Bb5+ Kb7 37. Bxd7 Rf8 38. Bc6+ Kc8 39. b5 Rf7 40.
Be8+ Kb7 41. Bxf7 g5 42. Bg3 Ba5 43. e5 Bd2 44. Rc2 Bf4 45. Nxf4 gxf4 46. Bxf4
Kb6 47. a4 Ka5 48. Bd2+ Kxa4 49. b6 Ka3 50. b7 Ka4 51. b8=R Ka3 52. Rcb2 Ka4
53. Ra2# 1-0

[Event "Championnat de la Loire Open"]
[Site "?"]
[Date "2002.04.27"]
[Round "6"]
[White "Gidon, Rene"]
[Black "Gerey, Jean-Pierre"]
[Result "1-0"]
[WhiteElo "1570"]
[BlackElo "1300"]
[PlyCount "43"]

1. e4 e5 2. Nf3 Nc6 3. Bb5 a6 4. Ba4 Nf6 5. O-O Be7 6. Re1 d6 7. c3 b5 8. Bc2
O-O 9. d4 exd4 10. cxd4 d5 11. e5 Ne4 12. Bxe4 dxe4 13. Rxe4 Bf5 14. Re1 Bg4
15. Re3 Bxf3 16. Rxf3 Nxd4 17. Rd3 Bc5 18. Be3 Qd5 19. Nc3 Qxe5 20. Bxd4 Bxd4
21. Rxd4 Rad8 22. Rxd8 1-0

[Event "Championnat de la Loire Open"]
[Site "?"]
[Date "2002.04.27"]
[Round "6"]
[White "Pupier, Terry"]
[Black "Bournez, Gerard"]
[Result "0-1"]
[WhiteElo "1099"]
[BlackElo "1540"]
[PlyCount "64"]

1. e4 c5 2. Nf3 Nc6 3. Nc3 e5 4. Bc4 h6 5. O-O Nf6 6. d3 a6 7. a4 d6 8. Be3 Bd7
9. Nd5 Na5 10. Ba2 Bxa4 11. Bb3 Bxb3 12. cxb3 b5 13. Bd2 b4 14. Ne3 Nc6 15. Qc2
Be7 16. Qc4 a5 17. Nd5 O-O 18. Rfe1 Nxd5 19. Qxd5 Nd4 20. Nxd4 cxd4 21. Rec1
Rc8 22. Rxc8 Qxc8 23. Qxa5 Qc2 24. Bxb4 Qxd3 25. Qa3 Qxe4 26. Bxd6 Bxd6 27.
Qxd6 d3 28. Rd1 Ra8 29. Qb6 Qe2 30. Rb1 d2 31. Qd6 Qe1+ 32. Rxe1 dxe1=Q# 0-1

[Event "Championnat de la Loire Open"]
[Site "?"]
[Date "2002.04.27"]
[Round "6"]
[White "Barthelemy, Jerome"]
[Black "Trottet, Francois"]
[Result "1-0"]
[WhiteElo "1400"]
[BlackElo "1420"]
[PlyCount "71"]

1. d4 d5 2. c4 c6 3. Nc3 Nf6 4. Bg5 e6 5. Nf3 Nbd7 6. e3 Be7 7. cxd5 cxd5 8.
Rc1 a6 9. Bd3 O-O 10. O-O Re8 11. Bf4 Nf8 12. Qb3 Ng6 13. Bg3 b5 14. e4 dxe4
15. Nxe4 Bb7 16. Nxf6+ Bxf6 17. Rc7 Bxf3 18. gxf3 Bxd4 19. Be4 Rc8 20. Rfc1
Rxc7 21. Rxc7 Qf6 22. Rc6 Bxb2 23. Rxa6 Be5 24. Rb6 Qg5 25. Bxg6 hxg6 26. Rxb5
Qc1+ 27. Kg2 Bxg3 28. hxg3 Rd8 29. Rb8 Rxb8 30. Qxb8+ Kh7 31. a4 Qc5 32. Qb5
Qd5 33. Qxd5 exd5 34. a5 d4 35. a6 d3 36. Kf1 1-0

[Event "Championnat de la Loire Open"]
[Site "?"]
[Date "2002.04.27"]
[Round "6"]
[White "Conesa, Antoine"]
[Black "Doran, Niall"]
[Result "1-0"]
[WhiteElo "1410"]
[BlackElo "1499"]
[PlyCount "79"]

1. e4 e6 2. d4 d5 3. e5 c5 4. Nf3 Ne7 5. Bd2 Nec6 6. c3 b6 7. Bd3 Ba6 8. Bxa6
Nxa6 9. O-O Rc8 10. Be3 Be7 11. a3 O-O 12. b4 cxb4 13. axb4 Nc7 14. Qa4 b5 15.
Qc2 f5 16. Bf4 Na8 17. Na3 a6 18. Qd2 h6 19. g3 g5 20. h4 gxf4 21. Qxf4 Kh7 22.
Kg2 Rg8 23. Rg1 Rg4 24. Qe3 f4 25. Qd3+ Kh8 26. Kh3 h5 27. Nb1 fxg3 28. fxg3
Nc7 29. Nbd2 Qg8 30. Qe2 Qg6 31. Nh2 Re4 32. Nxe4 dxe4 33. g4 hxg4+ 34. Nxg4
Qh5 35. Qf2 Rf8 36. Nf6 Qf5+ 37. Qxf5 exf5 38. Raf1 Bxf6 39. Rxf5 Nxe5 40. Rh5#
1-0

[Event "Championnat de la Loire Open"]
[Site "?"]
[Date "2002.04.27"]
[Round "6"]
[White "Mottet, Bertrand"]
[Black "Mialon, Franck"]
[Result "1/2-1/2"]
[WhiteElo "1450"]
[BlackElo "1210"]
[PlyCount "76"]

1. c4 f5 2. Nc3 Nf6 3. g3 e6 4. Bg2 Be7 5. d4 O-O 6. Nf3 Nc6 7. O-O b6 8. a3
Bb7 9. Qc2 Na5 10. b3 Ne4 11. Bb2 e5 12. Nxe5 Qb8 13. Nxd7 Qd8 14. Nxf8 Nxc3
15. Qxc3 Bxg2 16. Kxg2 Qxf8 17. Rad1 Qf6 18. Rd3 Qg6 19. b4 Nc6 20. b5 Nd8 21.
Qc2 Ne6 22. Kh1 Qh6 23. Bc1 Qh3 24. Rg1 Bg5 25. g4 Qh6 26. gxf5 Nf4 27. Rf3 Nh3
28. Rg2 Bxc1 29. Rxh3 Qxh3 30. Qxc1 Rf8 31. Qg5 Rf7 32. Rg3 Qf1+ 33. Rg1 Qxe2
34. Qf4 Qxc4 35. h4 Qd5+ 36. Kh2 Rxf5 37. Rg5 Rxg5 38. Qxg5 Qxd4 1/2-1/2

[Event "Championnat de la Loire Open"]
[Site "?"]
[Date "2002.04.27"]
[Round "6"]
[White "Brachet, Gerard"]
[Black "Bourgin, Christian"]
[Result "0-1"]
[WhiteElo "1420"]
[BlackElo "1130"]
[PlyCount "106"]

1. Nf3 d5 2. d4 Nf6 3. e3 e6 4. c4 c6 5. Nc3 b6 6. Be2 Bd6 7. b3 O-O 8. Qc2 a6
9. e4 dxe4 10. Nxe4 Nxe4 11. Qxe4 Bb4+ 12. Bd2 Bxd2+ 13. Nxd2 Qg5 14. O-O Qxd2
15. Bd3 Qh6 16. d5 cxd5 17. cxd5 Bb7 18. Qb4 exd5 19. Qe7 Qc6 20. Rac1 Qd7 21.
Rc7 Qxe7 22. Rxe7 Bc6 23. a4 b5 24. a5 Nd7 25. b4 Rfe8 26. Rfe1 Rxe7 27. Rxe7
Nf6 28. Rc7 Bd7 29. Kf1 Rc8 30. Ra7 Rc3 31. Ke2 Rb3 32. Rxa6 Rxb4 33. Ra8+ Ne8
34. a6 Rb2+ 35. Ke3 Ra2 36. Kd4 Bc6 37. Ra7 g6 38. Kc5 Rd2 39. Bb1 Rb2 40. Bd3
Rb3 41. Kxc6 Rxd3 42. Kxb5 Kg7 43. Rd7 Rc3 44. a7 Ra3 45. Kb6 Nf6 46. Rd8 Rb3+
47. Ka6 Ra3+ 48. Kb7 Rb3+ 49. Ka8 Rb5 50. Rb8 Rc5 51. Kb7 Nd7 52. a8=Q Nxb8 53.
Qxb8 Rb5+ 0-1

[Event "Championnat de la Loire Open"]
[Site "?"]
[Date "2002.04.27"]
[Round "6"]
[White "Bruyas, Benjamin"]
[Black "Veyrat, Gerard"]
[Result "1-0"]
[WhiteElo "1210"]
[BlackElo "1140"]
[PlyCount "77"]

1. Nf3 d5 2. c4 c6 3. b3 Nf6 4. g3 g6 5. d3 Bg7 6. Bb2 Nbd7 7. Bg2 O-O 8. O-O
a5 9. a4 Ng4 10. Qd2 Nc5 11. Nd4 Bxd4 12. Bxd4 Nxb3 13. Qf4 Nxa1 14. Bxa1 b5
15. axb5 dxc4 16. Bxc6 Bd7 17. Bxa8 Qxa8 18. dxc4 Bf5 19. Na3 f6 20. Rd1 Rd8
21. Rxd8+ Qxd8 22. Kg2 e5 23. Qf3 e4 24. Qf4 Qe7 25. Qb8+ Kf7 26. Bb2 e3 27. f3
Nf2 28. g4 Bxg4 29. Qf4 Bh3+ 30. Kg3 Nh1+ 31. Kxh3 Nf2+ 32. Kg2 Qe6 33. Qc7+
Kg8 34. Qg3 Nd1 35. Bd4 Qe7 36. b6 Kf7 37. Qe1 Qb7 38. Qxd1 Qxb6 39. Bxb6 1-0

[Event "Championnat de la Loire Open"]
[Site "?"]
[Date "2002.04.27"]
[Round "6"]
[White "Soler, Gerald"]
[Black "Campoy, Jean"]
[Result "1-0"]
[WhiteElo "1130"]
[BlackElo "1510"]
[PlyCount "109"]

1. e4 e5 2. Nf3 Nc6 3. Bb5 d6 4. c3 Bd7 5. d4 exd4 6. cxd4 Nf6 7. Nc3 Be7 8.
O-O O-O 9. h3 a6 10. Ba4 b5 11. Bb3 Na5 12. d5 b4 13. Na4 Nxb3 14. axb3 Nxe4
15. Re1 Bxa4 16. bxa4 Nc5 17. b3 Bf6 18. Rb1 Re8 19. Be3 Ne4 20. Qd3 Nc3 21.
Rbc1 h6 22. Bd4 Bxd4 23. Qxd4 Ne2+ 24. Rxe2 Rxe2 25. Qxb4 Rb8 26. Qc3 Re7 27.
Rb1 Qd7 28. Nd4 Re4 29. Nf3 Rxa4 30. Nd4 Ra2 31. Re1 Ra3 32. Kf1 a5 33. Ra1
Rxa1+ 34. Qxa1 Rb4 35. h4 Qg4 36. Nc6 Rxb3 37. Qe1 Qc4+ 38. Kg1 Qxd5 39. Ne7+
Kh7 40. Nxd5 c6 41. Ne3 c5 42. Qd1 a4 43. Qxd6 a3 44. Qd1 a2 45. Qxb3 a1=Q+ 46.
Kh2 Qe5+ 47. Kg1 Qd4 48. g3 g6 49. Qxf7+ Kh8 50. Qxg6 c4 51. Qc2 c3 52. Nf5 Qd2
53. Ne3 Kg7 54. Kg2 Qd4 55. Nf5+ 1-0

[Event "Championnat de la Loire Open"]
[Site "?"]
[Date "2002.05.25"]
[Round "7"]
[White "Fuster, Pierre"]
[Black "Treveys, Maxime"]
[Result "0-1"]
[WhiteElo "1699"]
[BlackElo "1660"]
[PlyCount "66"]

1. e4 c5 2. Nf3 d6 3. d4 cxd4 4. Nxd4 Nf6 5. Nc3 a6 6. Be2 e6 7. Be3 Be7 8. Qd2
Bd7 9. f3 Nc6 10. Nxc6 bxc6 11. O-O O-O 12. Rad1 Qc7 13. Bg5 d5 14. Kh1 h6 15.
Bh4 Nxe4 16. fxe4 Bxh4 17. Rf3 Bg5 18. Qe1 Rfb8 19. Qf2 Be8 20. b3 Rd8 21. Bd3
d4 22. Ne2 Be3 23. Qh4 c5 24. Rdf1 Rd7 25. Qg4 Qd8 26. h4 h5 27. Qg3 Qc7 28.
Qh3 e5 29. Bc4 Ra7 30. Rg3 Qd6 31. Qf5 g6 32. Qxh5 Kg7 33. Qg4 Re7 0-1

[Event "Championnat de la Loire Open"]
[Site "?"]
[Date "2002.05.25"]
[Round "7"]
[White "Carrot, Patrick"]
[Black "Walter, Alain"]
[Result "0-1"]
[WhiteElo "1780"]
[BlackElo "1740"]
[PlyCount "72"]

1. e4 c5 2. Nf3 d6 3. d4 cxd4 4. Nxd4 Nf6 5. Nc3 Nc6 6. Be2 g6 7. O-O Bg7 8.
Be3 O-O 9. h3 Bd7 10. Qd2 a6 11. Rad1 Qc7 12. Bh6 Nxd4 13. Bxg7 Nxe2+ 14. Qxe2
Kxg7 15. Rfe1 Be6 16. Rd4 Rac8 17. Red1 b5 18. Kh1 Qb7 19. a3 Rc4 20. Rxc4 Bxc4
21. Qe3 Qc7 22. f4 e5 23. f5 Qc5 24. Qxc5 dxc5 25. b3 b4 26. bxc4 bxc3 27. fxg6
hxg6 28. Rd6 Ra8 29. g3 Nxe4 30. Rd5 Re8 31. Kg2 Re6 32. a4 Kf6 33. Rd3 Rd6 34.
Rf3+ Ke6 35. Re3 f5 36. g4 Rd2+ 0-1

[Event "Championnat de la Loire Open"]
[Site "?"]
[Date "2002.05.25"]
[Round "7"]
[White "Pareux, Marc"]
[Black "Valentin, Alain"]
[Result "0-1"]
[WhiteElo "1580"]
[BlackElo "1690"]
[PlyCount "46"]

1. d4 Nf6 2. f3 d5 3. e4 dxe4 4. Nc3 exf3 5. Nxf3 e6 6. Bd3 c5 7. O-O cxd4 8.
Nb5 Nc6 9. Bf4 Nd5 10. Qd2 Bc5 11. Rae1 O-O 12. Kh1 a6 13. Na3 Bb4 14. Qc1 Bxe1
15. Rxe1 f6 16. Nc4 e5 17. Bg3 Nce7 18. Nh4 Be6 19. Qd1 Nb4 20. Bxh7+ Kxh7 21.
Qh5+ Kg8 22. Nxe5 fxe5 23. Bxe5 Nf5 0-1

[Event "Championnat de la Loire Open"]
[Site "?"]
[Date "2002.05.25"]
[Round "7"]
[White "Gidon, Rene"]
[Black "Barthelemy, Jerome"]
[Result "1-0"]
[WhiteElo "1570"]
[BlackElo "1410"]
[PlyCount "68"]

1. e4 c5 2. Nc3 e6 3. Bc4 a6 4. a4 Nc6 5. Nf3 Qc7 6. d3 Nf6 7. Qe2 Bd6 8. Be3
Ne5 9. Nxe5 Bxe5 10. h3 b6 11. g3 O-O 12. f4 Bxc3+ 13. bxc3 Bb7 14. Bb3 d5 15.
e5 Nd7 16. Rg1 b5 17. a5 Rfc8 18. c4 d4 19. Bd2 b4 20. g4 Rf8 21. g5 Rac8 22.
h4 Nb8 23. h5 Nc6 24. g6 fxg6 25. hxg6 h6 26. Rg3 Nxa5 27. Kf2 Nc6 28. Rag1 Ne7
29. Rh3 Nf5 30. Rg4 Bc6 31. Rg5 hxg5 32. Qh5 Nh6 33. Qxg5 Qd8 34. Qg3 Nf5 1-0

[Event "Championnat de la Loire Open"]
[Site "?"]
[Date "2002.05.25"]
[Round "7"]
[White "Trenteseaux, Alain"]
[Black "Chabas, Jean-Luc"]
[Result "1-0"]
[WhiteElo "1390"]
[BlackElo "1710"]
[PlyCount "76"]

1. e4 c6 2. d4 d5 3. e5 Bf5 4. Nf3 h6 5. Be2 e6 6. O-O Nd7 7. Be3 c5 8. c3 cxd4
9. cxd4 Ne7 10. Nbd2 Nc6 11. a3 Be7 12. Re1 a6 13. Nf1 O-O 14. Ng3 Bg6 15. b4
f6 16. Bd3 Bxd3 17. Qxd3 Qe8 18. Qd2 Qf7 19. Bxh6 gxh6 20. Qxh6 f5 21. Nh5 Qh7
22. Qxe6+ Kh8 23. Qxd7 Qxh5 24. Qxb7 Qg6 25. Rac1 Rfc8 26. Qd7 Ra7 27. Qxd5 Qe8
28. Qe6 Rac7 29. Qxf5 Qf8 30. Qh5+ Kg8 31. Ng5 Bxg5 32. Qxg5+ Qg7 33. Qxg7+
Kxg7 34. d5 Nd8 35. Rxc7+ Rxc7 36. e6 Re7 37. d6 Rxe6 38. Rxe6 Nxe6 1-0

[Event "Championnat de la Loire Open"]
[Site "?"]
[Date "2002.05.25"]
[Round "7"]
[White "Bournez, Gerard"]
[Black "Rengame, Mohane"]
[Result "1-0"]
[WhiteElo "1540"]
[BlackElo "1460"]
[PlyCount "80"]

1. e4 c6 2. Bc4 d5 3. exd5 cxd5 4. Bb5+ Bd7 5. Bxd7+ Qxd7 6. Nf3 Nc6 7. c3 e5
8. d3 Bd6 9. O-O Nge7 10. h3 O-O 11. Nbd2 f5 12. Re1 a6 13. a3 b5 14. b4 Ng6
15. Nb3 Rae8 16. Nc5 Qa7 17. d4 e4 18. Nh2 Rf7 19. g3 Ref8 20. f4 Nd8 21. Be3
Ne7 22. Ra2 Nc8 23. a4 bxa4 24. Qxa4 Nb6 25. Qxa6 Qc7 26. Rea1 Nc4 27. Bc1 Qe7
28. Qa8 e3 29. Re2 Qf6 30. Qxd5 Nd2 31. Bxd2 exd2 32. Rxd2 Qg6 33. Kf2 Kh8 34.
Ra6 Rf6 35. Nd7 R8f7 36. Nxf6 Rxf6 37. Re2 h5 38. Nf3 Qh6 39. Ng5 h4 40. Re8+
Rf8 1-0

[Event "Championnat de la Loire Open"]
[Site "?"]
[Date "2002.05.25"]
[Round "7"]
[White "Langlade, Remy"]
[Black "Conesa, Antoine"]
[Result "0-1"]
[WhiteElo "1499"]
[BlackElo "1380"]
[PlyCount "56"]

1. e4 Nc6 2. Nc3 Nf6 3. Nf3 e5 4. Bc4 h6 5. d3 Bb4 6. a3 Bxc3+ 7. bxc3 O-O 8.
d4 Nxe4 9. Nxe5 Nxe5 10. dxe5 Nxc3 11. Qd3 Na4 12. Qg3 g5 13. h4 d5 14. hxg5
Bf5 15. gxh6+ Bg6 16. h7+ Kh8 17. Bg5 f6 18. Bxf6+ Rxf6 19. exf6 Qxf6 20. Rc1
Re8+ 21. Kf1 dxc4 22. Rh6 Re6 23. Qxc7 Bd3+ 24. cxd3 Qxh6 25. Qd8+ Kxh7 26.
Qd7+ Kg8 27. f3 Qxc1+ 28. Kf2 Qe1# 0-1

[Event "Championnat de la Loire Open"]
[Site "?"]
[Date "2002.05.25"]
[Round "7"]
[White "Bourgin, Christian"]
[Black "Mottet, Bertrand"]
[Result "0-1"]
[WhiteElo "1490"]
[BlackElo "1430"]
[PlyCount "74"]

1. d4 Nf6 2. c4 d6 3. Nc3 b6 4. Nf3 Bb7 5. e3 g6 6. Be2 Bg7 7. O-O O-O 8. Ne1
Nbd7 9. Bf3 c6 10. Nd3 Re8 11. Nb4 Rc8 12. d5 Ne5 13. dxc6 Nxf3+ 14. Qxf3 Ba8
15. e4 a5 16. Nbd5 Rxc6 17. Nxf6+ Bxf6 18. Qd3 Qd7 19. Nd5 Bg7 20. Qe3 Rb8 21.
Rb1 e6 22. Nf4 Rxc4 23. f3 Bd4 24. Qxd4 Rxd4 25. Be3 Rc4 26. Rbd1 b5 27. Nd3
Rbc8 28. Bh6 Qa7+ 29. Kh1 Rc2 30. b3 Re2 31. Rc1 Rcc2 32. Rxc2 Rxc2 33. Ne5 Qf2
34. Rg1 dxe5 35. h3 f5 36. b4 axb4 37. Kh2 fxe4 0-1

[Event "Championnat de la Loire Open"]
[Site "?"]
[Date "2002.05.25"]
[Round "7"]
[White "Gerey, Jean-Pierre"]
[Black "Pupier, Terry"]
[Result "1-0"]
[WhiteElo "1330"]
[BlackElo "1410"]
[PlyCount "160"]

1. e4 e5 2. Nf3 Nc6 3. Bb5 Nf6 4. Nc3 a6 5. Bxc6 bxc6 6. Nxe5 Qe7 7. d4 d6 8.
Nxc6 Qd7 9. d5 Bb7 10. Nb4 Be7 11. O-O O-O 12. Bf4 Rfe8 13. Re1 Ng4 14. f3 Ne5
15. Nd3 Bf6 16. Nxe5 Bxe5 17. Bxe5 dxe5 18. b3 Rac8 19. Na4 Qd6 20. c4 c5 21.
Qd2 Bc6 22. Qa5 Bxa4 23. Qxa4 Qb6 24. Rab1 a5 25. Qa3 f6 26. Qb2 Rb8 27. Rf1 g5
28. Qf2 Qd6 29. g4 Rf8 30. Qd2 Ra8 31. a4 Rfd8 32. h3 Qc7 33. Qh2 Qg7 34. Rb2
Qh6 35. Kg2 Qh4 36. Qg1 Rac8 37. Qf2 Qxf2+ 38. Rfxf2 Rd6 39. Kf1 Kg7 40. Rh2
Rh8 41. h4 h6 42. h5 Rf8 43. b4 axb4 44. a5 Ra8 45. Ra2 Rda6 46. Rhd2 Rd6 47.
Rd1 Raa6 48. Ke2 Kf7 49. Kd3 Ke7 50. Kc2 Rd7 51. Kb3 Rb7 52. d6+ Rxd6 53. Rxd6
Kxd6 54. Rd2+ Kc6 55. Ka4 Ra7 56. Rd8 Rh7 57. Ra8 Kb7 58. Rf8 Rc7 59. Rxf6 Rc6
60. Rf5 Re6 61. Rf7+ Ka6 62. Rc7 Rf6 63. Rxc5 Rxf3 64. Rc6+ Ka7 65. Kxb4 Rf7
66. Kb5 Rb7+ 67. Rb6 Rxb6+ 68. axb6+ Kb7 69. c5 Kb8 70. Ka6 Ka8 71. c6 Kb8 72.
b7 Kc7 73. Ka7 Kxc6 74. b8=Q Kc5 75. Qxe5+ Kc4 76. Qd5+ Kc3 77. Ka6 Kb4 78.
Qd4+ Kb3 79. Kb5 Kc2 80. Kb4 Kc1 1-0

[Event "Championnat de la Loire Open"]
[Site "?"]
[Date "2002.05.25"]
[Round "7"]
[White "Mialon, Franck"]
[Black "Trottet, Francois"]
[Result "0-1"]
[WhiteElo "1280"]
[BlackElo "1410"]
[PlyCount "38"]

1. e4 c5 2. Nf3 e6 3. d4 cxd4 4. Nxd4 a6 5. b3 Nf6 6. e5 Qa5+ 7. Bd2 Qxe5+ 8.
Be2 Qxd4 9. c3 Qa7 10. Be3 b6 11. c4 Bb7 12. O-O Bc5 13. Bxc5 bxc5 14. Qd6 Nc6
15. Rd1 Nd4 16. Kf1 Nxe2 17. Kxe2 Bxg2 18. Nc3 Qb7 19. Qxc5 Bf3+ 0-1

[Event "Championnat de la Loire Open"]
[Site "?"]
[Date "2002.05.25"]
[Round "7"]
[White "Doran, Niall"]
[Black "Bruyas, Benjamin"]
[Result "1-0"]
[WhiteElo "1100"]
[BlackElo "1260"]
[PlyCount "71"]

1. e4 e5 2. Nf3 Nc6 3. Bc4 Bc5 4. Nc3 Nf6 5. O-O d6 6. h3 O-O 7. d3 h6 8. Bd2
a6 9. Nd5 Re8 10. Re1 Be6 11. c3 a5 12. a4 Ne7 13. Nxf6+ gxf6 14. Bxe6 fxe6 15.
Nh4 f5 16. exf5 Nxf5 17. Nxf5 exf5 18. Qh5 Qf6 19. Bxh6 Re6 20. Bg5 Qg6 21.
Qxg6+ Rxg6 22. h4 Re8 23. d4 Bb6 24. dxe5 Rxe5 25. Kf1 Bc5 26. Rxe5 dxe5 27.
Rd1 Rg7 28. Rd5 Be7 29. Bxe7 Rxe7 30. Rxa5 b6 31. Rd5 c6 32. Rd6 Rc7 33. f3 Kf7
34. b4 b5 35. axb5 cxb5 36. Rd5 1-0

[Event "Championnat de la Loire Open"]
[Site "?"]
[Date "2002.05.25"]
[Round "7"]
[White "Brachet, Gerard"]
[Black "Vinot, Raoul"]
[Result "1/2-1/2"]
[WhiteElo "1370"]
[BlackElo "1370"]
[PlyCount "95"]

1. Nf3 d5 2. d4 Nf6 3. e3 e6 4. c4 Nbd7 5. Nc3 Bb4 6. Bd2 O-O 7. c5 c6 8. a3
Bxc3 9. Bxc3 Ne4 10. Qc2 b6 11. b4 a5 12. a4 bxc5 13. dxc5 Nxc3 14. Qxc3 axb4
15. Qxb4 Qa5 16. Qxa5 Rxa5 17. Be2 Nxc5 18. Nd4 Bd7 19. O-O Nxa4 20. Rfc1 Rc8
21. h3 c5 22. Nb5 Bxb5 23. Bxb5 Rxb5 24. Rxa4 c4 25. Kf1 e5 26. Rca1 Rbb8 27.
Ke2 g6 28. Ra5 d4 29. exd4 exd4 30. R1a2 Re8+ 31. Kd2 Rbd8 32. Rc5 d3 33. Kc3
Re2 34. Rd2 Rxd2 35. Kxd2 Rd4 36. g3 Re4 37. Kc3 f5 38. f3 Re3 39. Rxc4 Rxf3
40. g4 Rxh3 41. gxf5 gxf5 42. Rc7 f4 43. Rd7 h5 44. Rd4 Rf3 45. Rxd3 Rxd3+ 46.
Kxd3 Kg7 47. Ke4 Kg6 48. Kxf4 1/2-1/2